Ekonomické změny rozvojového světa: růst a vnější ekonomické vztahy

Zmeny hospodárskeho vývoja a vonkajších hospodárskych vzťahov rozvojových krajín s hospodársky vyspelými krajinami a s bývalými centrálne plánovanými ekonomikami. Hlavné vývojové trendy rozvojových krajín v prvej polovici 90. rokov. Hlavné zmeny vo vzťahoch medzi rozvojovými krajinami a bývalými cen...

Descrizione completa

Salvato in:
Dettagli Bibliografici
Autore principale: Holub, Alois
Natura: Capitolo di libro
Lingua:ceco
Soggetti:
Tags: Aggiungi Tag
Nessun Tag, puoi essere il primo ad aggiungerne!!

MARC

LEADER 00000naa a2200000 4500
001 r023442
005 20221205101239.1
041 0 |a cze 
044 |a CZ 
245 1 0 |a Ekonomické změny rozvojového světa: růst a vnější ekonomické vztahy  |c Alois Holub 
520 |a Zmeny hospodárskeho vývoja a vonkajších hospodárskych vzťahov rozvojových krajín s hospodársky vyspelými krajinami a s bývalými centrálne plánovanými ekonomikami. Hlavné vývojové trendy rozvojových krajín v prvej polovici 90. rokov. Hlavné zmeny vo vzťahoch medzi rozvojovými krajinami a bývalými centrálne plánovanými ekonomikami v Európe, dôraz na ČR. Závery pre ČR. 
610 2 0 |a vývoj hospodársky 
610 2 0 |a rast hospodársky 
610 2 0 |a vzťahy hospodárske vonkajšie 
610 2 0 |a krajiny rozvojové 
610 2 0 |a krajiny vyspelé 
610 2 0 |a SVE 
610 2 0 |a Česko 
100 1 |a Holub, Alois